=LDR 00000nam 2200000 4500 =001 NUTBA000000000005577 =005 20141104080240.0 =006 =007 =008 =020 ##$$a 979.1464.74-1 =035 ##$$a 0010-111400000000056 =040 ##$$a NBPDMAT =082 ##$$a 549.53 =090 ##$$a 549.53 Win b =100 ##$$a M. Winanto Ajil =245 ##$$a Bauksit potensi, penambangan dan pemanfaatan$cM.Winanto Ajil =250 ##$$a Cet. 1 =260 ##$$a Yogyakarta$bCitra Aji Parama$c2009 =300 ##$$a iv, 60 hlm$bilus$c21 cm =500 ##$$a Bibliografi hlm : 60 =650 ##$$a Bauksit =850 ##$$a NBPDMAT